[Event "Muenster IM"]
[Site "Muenster"]
[Date "1990.??.??"]
[Round "4"]
[White "Keitlinghaus, Ludger"]
[Black "Lukov, Valentin"]
[Result "1-0"]
[WhiteElo "2405"]
[BlackElo "2440"]

1.e4 c5 2.Nc3 Nc6 3.Bb5 Nd4 4.a4 a6 5.Bc4 b6 6.Nge2 Bb7 7.d3 e6 8.O-O g6
9.Rb1 Bg7 10.b4 Bc6 11.bxc5 bxc5 12.Nxd4 Bxd4 13.Qe1 Ne7 14.Bh6 Ng8 15.Bf4 d6
16.Nd5 Kf8 17.Nb6 Ra7 18.c3 Bf6 19.Nc8 Qxc8 20.Bxd6+ Kg7 21.Rb8 Qxb8 22.Bxb8 Rd7
23.Bf4 a5 24.Be3 Be7 25.Qc1 Bxa4 26.Qa3 Bc2 27.Rc1 Bxd3 28.Rd1 Rd8 29.Qxa5 Bxc4
30.Rxd8 Bxd8 31.Qxd8 h5 32.Bxc5 e5 33.Bf8+ Kh7 34.Qd6 Nf6 35.Qxf6 Rxf8 36.Qxe5 Rd8
37.h3 Be6 38.Kh2 Rd2 39.Qc5 Rc2 40.h4 Kg8 41.Kg3 Kg7 42.Qd4+ f6 43.Kf4 Ra2
44.g3 Kf7 45.f3 Ra5 46.Qb6 g5+ 47.Ke3 Ra2 48.f4 gxf4+ 49.gxf4 Kg7 50.Qxe6  1-0

[Event "Novi Sad ol (Men)"]
[Site "Novi Sad"]
[Date "1990.??.??"]
[Round "4"]
[White "Ermenkov, Evgenij"]
[Black "Chandler, Murray G"]
[Result "1/2-1/2"]
[WhiteElo "2465"]
[BlackElo "2560"]

1.e4 c5 2.Nc3 Nc6 3.Nge2 d6 4.d4 cxd4 5.Nxd4 Nf6 6.Nb3 g6 7.Be2 Bg7 8.O-O O-O
9.Re1 Be6 10.Bf1 a5 11.a4 Rc8 12.Nd5 Bxd5 13.exd5 Nb4 14.c4 Nd7 15.Bg5 Re8
16.Qd2 Ne5 17.Rec1 b6 18.h3 Nd7 19.Re1 Ne5 20.Rec1 Nd7  1/2-1/2

[Event "Novi Sad ol (Men)"]
[Site "Novi Sad"]
[Date "1990.??.??"]
[Round "5"]
[White "Salazar, Hernan"]
[Black "Ermenkov, Evgenij"]
[Result "0-1"]
[WhiteElo "2400"]
[BlackElo "2465"]

1.e4 c5 2.Nc3 Nc6 3.Nge2 d6 4.d4 cxd4 5.Nxd4 e6 6.Be2 Nf6 7.O-O Be7 8.Be3 a6
9.a4 Bd7 10.Nb3 Na5 11.f4 Nxb3 12.cxb3 Bc6 13.Bf3 O-O 14.a5 Nd7 15.Na4 Rc8
16.Rf2 f5 17.Nb6 Nxb6 18.Bxb6 Qd7 19.e5 Bxf3 20.Rxf3 d5 21.Rc1 Bb4 22.Rf2 Rxc1
23.Qxc1 Rc8 24.Rc2 Rxc2 25.Qxc2 Qc6 26.Qd1 Bc5+ 27.Bxc5 Qxc5+ 28.Kh1 Qxa5
29.Qc1 Qb5 30.h3 d4 31.Kg1 d3 32.Qc8+ Kf7 33.Qd8 Qc5+ 34.Kh2 Qd5 35.Qc7+ Kf8
36.Qc8+ Ke7 37.Qc7+ Qd7 38.Qc5+ Kf7 39.Qc1 d2 40.Qd1 Qd4  0-1

[Event "Novi Sad ol (Men)"]
[Site "Novi Sad"]
[Date "1990.??.??"]
[Round "7"]
[White "Berend, Fred"]
[Black "Franco Ocampo, Zenon"]
[Result "0-1"]
[WhiteElo "2225"]
[BlackElo "2495"]

1.e4 c5 2.Nc3 Nc6 3.Nf3 d6 4.Bb5 e5 5.O-O Ne7 6.Nd5 a6 7.Nxe7 Bxe7 8.Bc4 O-O
9.c3 Qc7 10.h3 Bd7 11.Bd5 Bf6 12.d3 Ne7 13.Bb3 Bc6 14.Nh2 Ng6 15.Ng4 Qd8
16.Nxf6+ Qxf6 17.g3 Rad8 18.h4 h6 19.Qe2 d5 20.f3 Qd6 21.Bc2 f5 22.h5 Ne7
23.Be3 Kh8 24.Qh2 c4 25.Rad1 cxd3 26.Bxd3 dxe4 27.Bc2 Qe6 28.Bb3 Bd5 29.fxe4 Bxb3
30.Rxd8 Rxd8 31.axb3 fxe4 32.Qh4 Nc6 33.b4 Kg8 34.Qxe4 Rf8 35.Rxf8+ Kxf8
36.Kg2 Kg8 37.Bc1 Nd8 38.g4 Nf7 39.Kh3 Nd6 40.Qe2 Qd5 41.Kh2 e4 42.Kg3 Qd3+
43.Kf2 Nc4 44.g5 hxg5 45.Bxg5 Qd5 46.Bf4 b5 47.Qg4 Qf7 48.Kg3 Nxb2 49.Qe2 Nd3
50.Qxe4 Nxf4 51.Qxf4 Qxh5 52.Qe3 Kh7 53.Kf2 Qf5+ 54.Ke1 Kg6 55.Qe8+ Kg5 56.Qe3+ Kh4
57.Qd4+ Qg4 58.Qd8+ g5 59.Qf6 Qe4+ 60.Kd1 Kg4 61.Qxa6 Qd3+ 62.Ke1 Qxc3+ 63.Ke2 Qc4+
64.Kf2 Qf4+ 65.Ke2 Qe4+ 66.Kf2 Qf3+ 67.Ke1 Qe3+ 68.Kd1 Qd3+ 69.Ke1 Kg3 70.Qe6 Kf4
71.Qf7+ Qf5 72.Qb3 Qe4+ 73.Kf2 Qd4+ 74.Kg2 Qd2+ 75.Kf1 Qe3 76.Qb2 Ke4 77.Kg2 Qd3
78.Kh2 g4 79.Qg2+ Ke3 80.Qg3+ Kd2 81.Qc7 Qh3+ 82.Kg1 Qe3+ 83.Kh1 Qe4+ 84.Kg1 Qd4+
85.Kh1 Qxb4 86.Qd7+ Ke3 87.Qa7+ Kf3 88.Qf7+ Kg3 89.Qc7+ Qf4  0-1

[Event "Novi Sad ol (Men)"]
[Site "Novi Sad"]
[Date "1990.??.??"]
[Round "8"]
[White "Salazar, Hernan"]
[Black "Wirthensohn, Heinz"]
[Result "0-1"]
[WhiteElo "2400"]
[BlackElo "2430"]

1.e4 c5 2.Nc3 Nc6 3.Nge2 d6 4.d4 cxd4 5.Nxd4 Nf6 6.Be2 e5 7.Nf3 h6 8.O-O Be7
9.Re1 O-O 10.h3 Be6 11.Bf1 Nb8 12.b3 Nbd7 13.Bb2 a6 14.a4 Rc8 15.Nd2 Nc5
16.a5 Qc7 17.Nc4 Ncxe4 18.Nxe4 Nxe4 19.Rxe4 d5 20.Bxe5 Qc6 21.Rd4 dxc4 22.Bxc4 Bxc4
23.Rxc4 Qe6 24.Rxc8 Rxc8 25.Bb2 Qf5 26.c4 Rd8 27.Qe1 Bc5 28.Bc3 Rd3 29.Rc1 Qf4
30.Rc2 Bd6 31.Kf1 Qf5 32.Qe2 h5 33.b4 Rxc3 34.Qe8+ Kh7 35.Rxc3 Qb1+ 36.Ke2 Qb2+
37.Kd3 Bxb4 38.Qe4+ g6 39.Rc2 Qb1 40.Ke2 Bxa5 41.Qd3 Qe1+ 42.Kf3 Qe7 43.g3 Bb4
44.Qe4 Qf6+ 45.Kg2 b6 46.Qf3 Kg7 47.Qxf6+ Kxf6 48.Kf3 a5 49.Ra2 Ke5 50.Ke3 g5
51.Kd3 Bc5 52.f3 Kf5 53.Re2 a4 54.Re4 a3 55.Kc2 Kg6 56.g4 hxg4 57.hxg4 Kg7
58.Kb3 Kf6 59.Ka2 Be7 60.f4 Bd6 61.f5 Bc5 62.Kb3 Bd6 63.Re2 Bc5 64.Re8 Bd6
65.Rd8 Bc5 66.Rd7 Kg7 67.Rb7 Kf6 68.Ra7 Bd6 69.Ka4 Bc5 70.Kb5 Kg7 71.Kc6 Kf6
72.Kd5 Bb4 73.Ra4 Bc5 74.Ra6 Ke7 75.Kc6 Kf6 76.Kd7 Ke5 77.Ke8 f6 78.Kf7 Kf4
79.Kxf6 Kxg4 80.Ke6 Kf3 81.f6 g4 82.f7 g3 83.Rxb6 g2 84.Rd6 g1=Q 85.f8=Q+ Ke2
86.Kd7 Qg4+ 87.Kd8 Bxd6 88.Qxd6 Qg5+ 89.Kd7 Qf5+ 90.Kc6 Qf3+ 91.Kc7 a2 92.Qh2+ Qf2
93.Qe5+ Kd3 94.c5 Qd4 95.Qf5+ Kd2 96.Qg5+ Kc3 97.Qg3+ Kb4 98.Qe1+ Qc3 99.Qe4+ Kxc5  0-1

[Event "Novi Sad ol (Men)"]
[Site "Novi Sad"]
[Date "1990.??.??"]
[Round "9"]
[White "Tischbierek, Raj"]
[Black "Ermenkov, Evgenij"]
[Result "1/2-1/2"]
[WhiteElo "2495"]
[BlackElo "2465"]

1.e4 c5 2.Nc3 Nc6 3.Nge2 d6 4.d4 cxd4 5.Nxd4 e6 6.Be3 Nf6 7.Be2 a6 8.a4 Be7
9.O-O O-O 10.f4 Qc7  1/2-1/2

[Event "Novi Sad ol (Men)"]
[Site "Novi Sad"]
[Date "1990.??.??"]
[Round "11"]
[White "Fernandez Garcia, Jose L"]
[Black "Antonio, Rogelio Jr"]
[Result "1/2-1/2"]
[WhiteElo "2500"]
[BlackElo "2445"]

1.e4 c5 2.Nf3 Nc6 3.Nc3 Nf6 4.Bb5 Qb6 5.e5 Ng4 6.Qe2 e6 7.O-O a6 8.Bxc6 Qxc6
9.d4 b5 10.Rd1 Bb7 11.d5 Qc7 12.Bf4 O-O-O 13.Ng5 Nh6 14.dxe6 fxe6 15.a4 b4
16.Nce4 Be7 17.c3 Rhf8 18.Bg3 b3 19.Nxh7 Rf5 20.f4 Nf7 21.h4 Nh8 22.Nd6+ Bxd6
23.Rxd6 Ng6 24.Qg4 Ne7 25.Rad1 Rf7 26.Ng5 Rff8 27.Nxe6 dxe6 28.Qxe6+ Kb8
29.Rd7 Rxd7 30.Rxd7 Qc6 31.Qxc6 Nxc6 32.e6 Ka8 33.Rxg7 Na5 34.Rf7 Re8 35.f5 Bd5
36.Rd7 Bc6 37.Rc7 Bb7 38.e7 Nc4 39.f6 Bd5 40.Rxc5 Bf7 41.Rg5 Nxb2 42.Rg7 Be6
43.f7 Bxf7 44.Rxf7 Ka7 45.c4 Nxa4 46.Bf2+ Kb7 47.Bd4 b2 48.Rf1 Rxe7 49.Rb1 Kc6
50.h5 Rd7 51.Be5 Re7 52.Bf6 Rf7 53.Be5 Re7 54.Bf6 Rf7 55.Bd4 Rd7 56.Bxb2 Rb7
57.h6 Nxb2 58.g4 Rh7 59.g5 Nxc4 60.Rf1 a5 61.Rf6+ Kb5 62.Kf2 a4 63.Rf8 a3
64.g6 Rxh6 65.g7 a2 66.Ra8 Rf6+ 67.Ke2 Rg6 68.Rxa2 Rxg7 69.Ra1 Rg3 70.Rd1 Kc5
71.Rd3 Rg8 72.Rd1 Nb6 73.Kf3 Nd5 74.Rd2 Kd6 75.Ke4 Rg4+ 76.Kf5 Rf4+ 77.Kg5 Rf1
78.Re2 Nf6 79.Kg6 Nd7 80.Kg5 Ne5 81.Ra2 Nc4 82.Re2 Kd5 83.Ra2 Ke6 84.Ra8 Rf5+
85.Kg4 Ne5+ 86.Kg3 Rf3+ 87.Kg2 Rc3 88.Kf2 Kd5  1/2-1/2

[Event "Novi Sad ol (Men)"]
[Site "Novi Sad"]
[Date "1990.??.??"]
[Round "12"]
[White "Charpentier, William"]
[Black "Weemaes, Ronald"]
[Result "1-0"]
[WhiteElo "2300"]
[BlackElo "2360"]

1.e4 c5 2.Nf3 Nc6 3.Nc3 g6 4.Bb5 Bg7 5.O-O d6 6.Re1 e5 7.Nd5 a6 8.Bf1 Nf6
9.c3 O-O 10.Nxf6+ Qxf6 11.h3 h6 12.g3 Be6 13.d3 d5 14.Be3 d4 15.cxd4 cxd4
16.Bd2 Rfc8 17.Nh2 Qd8 18.f4 Qd7 19.Ng4 exf4 20.gxf4 f5 21.Nf2 Bf6 22.Bg2 Bh4
23.Qf3 Kh7 24.Re2 Rg8 25.b3 Raf8 26.Rc1 Rg7 27.e5 g5 28.fxg5 Bxg5 29.Bxg5 Rxg5
30.Ne4 fxe4 31.Qxf8 exd3 32.Rf2 Nxe5 33.Kh2 d2 34.Rxd2 Ng6 35.Qb8 Ne7 36.Qc7 Qe8
37.Re1 Qf7 38.Qd6 Nd5 39.Rxe6  1-0

[Event "Novi Sad ol (Men)"]
[Site "Novi Sad"]
[Date "1990.??.??"]
[Round "13"]
[White "Antonio, Rogelio Jr"]
[Black "Cabrilo, Goran"]
[Result "1-0"]
[WhiteElo "2445"]
[BlackElo "2485"]

1.e4 c5 2.Nf3 Nc6 3.Nc3 d6 4.d4 cxd4 5.Nxd4 Nf6 6.Bc4 Qb6 7.Nb3 e6 8.Be3 Qc7
9.f4 a6 10.Qf3 b5 11.Bd3 Be7 12.O-O Bb7 13.Qh3 Nb4 14.Rae1 O-O 15.Bd4 Nxd3
16.cxd3 e5 17.Be3 b4 18.Na4 exf4 19.Rc1 Qd8 20.Rxf4 Rc8 21.Rff1 Nd7 22.Nd4 Ne5
23.Nf5 Bf6 24.Rcd1 Ng6 25.b3 Kh8 26.Qh5 Ne7 27.Bb6 Qd7 28.Bd4 Qe6 29.Bxf6 Qxf6
30.Nb6 Nxf5 31.Nxc8 Qd4+ 32.Kh1 Ne3 33.Rxf7 Rxc8 34.Re1 Qc3 35.Qe2 Nc2  1-0

[Event "Novi Sad ol (Men)"]
[Site "Novi Sad"]
[Date "1990.??.??"]
[Round "14"]
[White "Franzoni, Giancarlo"]
[Black "Yasseen, Aly"]
[Result "1/2-1/2"]
[WhiteElo "2455"]
[BlackElo "2325"]

1.e4 c5 2.Nc3 Nc6 3.Nge2 g6 4.d4 cxd4 5.Nxd4 Bg7 6.Nb3 d6 7.Be2 Nf6 8.O-O O-O
9.Bg5 Be6 10.Kh1 Rc8 11.f4 Qd7 12.Bd3 Nb4 13.Bb5 Qc7 14.a3 Na6 15.Qf3 Qb6
16.a4 Nb4 17.a5 Qc7 18.f5 Bd7 19.Bxd7 Qxd7 20.Qe2 Rc7 21.Be3 Ra8 22.Bd4 Rcc8
23.Rf2 Nc6 24.Be3 Ne5 25.Bd4 Nc6 26.Be3 Ne5 27.Bd4 Nc6  1/2-1/2

[Event "Novi Sad ol (Men)"]
[Site "Novi Sad"]
[Date "1990.??.??"]
[Round "14"]
[White "Salazar, Hernan"]
[Black "Oney, Feridun"]
[Result "1/2-1/2"]
[WhiteElo "2400"]
[BlackElo "2320"]

1.e4 c5 2.Nc3 Nc6 3.Nge2 g6 4.d4 cxd4 5.Nxd4 Bg7 6.Be3 Nf6 7.Be2 O-O 8.O-O d6
9.Qd2 Bd7 10.Rad1 Nxd4 11.Bxd4 Bc6 12.Bf3 a5 13.Rfe1 Nd7 14.Nd5 Bxd4 15.Qxd4 Bxd5
16.exd5 b5 17.Be2 Rc8 18.c3 Rb8 19.Bd3 Rb7 20.Re3 Ne5 21.Rde1 f5 22.f4 Ng4
23.Re6 Nf6 24.h3 Rf7 25.R1e3 Kf8 26.Be2 Qb6 27.Qxb6 Rxb6 28.Rd3 b4 29.c4 Ne4
30.Rd4 Rf6 31.Rxf6+ exf6 32.g4 a4 33.gxf5 Nc5 34.fxg6 hxg6 35.Kf2 a3 36.bxa3 bxa3
37.Ke3 Rb1 38.Rd1 Rb2 39.Ra1 Kf7 40.h4 f5 41.h5 gxh5 42.Bxh5+ Kf6 43.Be2  1/2-1/2

[Event "Wch U26"]
[Site "Odessa"]
[Date "1990.??.??"]
[Round "9"]
[White "Atlas, Valeri"]
[Black "Mrva, Martin"]
[Result "0-1"]
[WhiteElo "2420"]
[BlackElo "2340"]

1.e4 c5 2.Nf3 Nc6 3.Nc3 Nf6 4.e5 Ng4 5.Qe2 d6 6.exd6 Qxd6 7.Ne4 Qc7 8.d3 e5
9.h3 Nf6 10.Nxf6+ gxf6 11.c3 Be7 12.Nh4 Be6 13.Qh5 Qd7 14.Be2 O-O-O 15.O-O f5
16.f4 Rhg8 17.fxe5 Bxh4 18.Qxh4 Nxe5 19.Bg5 Qc6 20.Rf2 Nxd3 21.Bxd8 Nxf2
22.Qxf2 Rxd8 23.Bf3 Bd5 24.Rf1 Bxf3 25.Qxf3 Qxf3 26.Rxf3 Rd5 27.Kf1 Kd7 28.Ke2 Ke6
29.Rg3 Kf6 30.Rg8 Rd7 31.Rc8 b6 32.a4 Ke5 33.a5 Kd5 34.axb6 axb6 35.Rb8 Rd6
36.Rf8 Re6+ 37.Kd3 Rg6 38.c4+ Ke5 39.Re8+ Kf4 40.Re2 Rd6+ 41.Kc3 Kg3 42.b4 Re6
43.Rb2 f4 44.bxc5 bxc5 45.Rd2 Re3+ 46.Kc2 h6 47.Kb2 Re1 48.Kc3 Rg1 49.Rd5 Kxg2
50.Kd2 f3 51.Ke3 Re1+ 52.Kf4 f2 53.Rd2 Kg1  0-1

[Event "Ontario"]
[Site "Ontario"]
[Date "1990.??.??"]
[Round "?"]
[White "Findlay, Ian T"]
[Black "Kanani, Saifudin"]
[Result "1-0"]
[WhiteElo "2345"]
[BlackElo "2245"]

1.e4 c5 2.Nf3 Nc6 3.Nc3 a6 4.d4 cxd4 5.Nxd4 e5 6.Nb3 Bb4 7.Bc4 Qf6 8.O-O Bxc3
9.bxc3 Nge7 10.Ba3 b5 11.Bd5 Rb8 12.f4 b4 13.fxe5 Qh4 14.g3 Qh3 15.Bxf7+ Kd8
16.Bxb4 Rxb4 17.cxb4 Nxe5 18.Qd4 N7c6 19.Qd2 h5 20.Nc5 Nxf7 21.Rxf7 Ne5 22.Qg5+  1-0

[Event "Orange op"]
[Site "Orange"]
[Date "1990.??.??"]
[Round "7"]
[White "Lupu, Mircea Sergiu"]
[Black "Gochev, Mladen"]
[Result "1-0"]
[WhiteElo "2440"]
[BlackElo "2355"]

1.e4 c5 2.Nf3 Nc6 3.Nc3 Nf6 4.d4 cxd4 5.Nxd4 d6 6.Bc4 e6 7.O-O a6 8.Be3 Qc7
9.Qe2 b5 10.Bd3 Bb7 11.Nxc6 Bxc6 12.a4 b4 13.Nb1 Nxe4 14.Bxa6 Be7 15.c3 bxc3
16.b4 O-O 17.f3 Nf6 18.Nxc3 Bxf3 19.Rxf3 Qxc3 20.Rb1 Nd5 21.Bb7 Rxa4 22.Bxd5 exd5
23.Bf2 Qe5 24.Re3 Qf5 25.Qd1 Ra2 26.Rf3 Qc2 27.Qxc2 Rxc2 28.b5 Rfc8 29.Be3 Bf6
30.b6 Rb2 31.Rxb2 Bxb2 32.Rf2 Bc1 33.Bxc1 Kf8 34.Be3 d4 35.Bxd4  1-0

[Event "Paris-ch"]
[Site "Paris"]
[Date "1990.??.??"]
[Round "?"]
[White "Delanoy, Arnaud"]
[Black "Fodre, Sandor"]
[Result "1/2-1/2"]
[WhiteElo "2315"]
[BlackElo "2260"]

1.e4 c5 2.Nc3 Nc6 3.Nf3 a6 4.d4 cxd4 5.Nxd4 e5 6.Nf5 d6 7.Bc4 Be6 8.Nd5 b5
9.Bb3 Rc8 10.Be3 g6 11.Ng3 Bg7 12.Qd2 Nge7 13.Bh6 O-O 14.Bxg7 Kxg7 15.Qg5 Nxd5
16.Qxd8  1/2-1/2

[Event "Paris-ch"]
[Site "Paris"]
[Date "1990.??.??"]
[Round "?"]
[White "Lupu, Smaranda  B"]
[Black "Murrey, Jacob"]
[Result "1/2-1/2"]
[WhiteElo "2160"]
[BlackElo "2530"]

1.e4 c5 2.Nf3 Nc6 3.Nc3 g6 4.d4 cxd4 5.Nxd4 Bg7 6.Be3 Nf6 7.Be2 O-O 8.Nb3 a5
9.Nd5 Nxd5 10.exd5 a4 11.dxc6 axb3 12.axb3 Rxa1 13.Qxa1 dxc6 14.O-O Be6 15.b4 f5
16.Rd1 Qa8 17.c3 Bb3 18.Re1 e5 19.Bb6 e4 20.f4 Qb8 21.g3 Bd5 22.Qa5 Qc8 23.Qc5 Rf7
24.Ra1 Bf8 25.Qe3 h6 26.h3 Kh7 27.Ra7 Qe6 28.Qd4 Bg7 29.Qc5 Bb3 30.b5 Bf8
31.Qe5 Qxe5 32.fxe5 cxb5 33.Bxb5 Bg7 34.Bd4 Be6 35.Kf2 g5 36.Be8 Re7 37.Bc6 Bc8
38.g4 Bxe5 39.Bxe5 Rxe5 40.gxf5 e3+ 41.Ke2 Bxf5 42.Rxb7+ Kg6 43.Rb6 Kg7 44.Rb5 Rxb5
45.Bxb5 Bxh3 46.Kxe3 Kf6 47.b4 Ke5 48.Kd3 h5 49.c4 Kd6 50.Be8 h4 51.c5+ Kd5  1/2-1/2

[Event "URS-chT"]
[Site "Podolsk"]
[Date "1990.??.??"]
[Round "?"]
[White "Yurtaev, Leonid"]
[Black "Meshkov, Yuri A"]
[Result "0-1"]
[WhiteElo "2505"]
[BlackElo "2320"]

1.e4 c5 2.Nf3 Nc6 3.Nc3 e5 4.Bc4 Be7 5.d3 Nf6 6.Ng5 O-O 7.f4 exf4 8.Bxf4 d6
9.O-O h6 10.Nf3 Be6 11.Qd2 d5 12.exd5 Nxd5 13.Bxd5 Bxd5 14.Bxh6 gxh6 15.Qxh6 Re8
16.Rae1 Bxf3 17.Rxf3 Qd4+ 18.Ree3 Ne5 19.Rh3 Ng6 20.Nd5 Bh4 21.Qh5 Re5  0-1

[Event "URS-chT"]
[Site "Podolsk"]
[Date "1990.??.??"]
[Round "?"]
[White "Moroz, Alexander"]
[Black "Lputian, Smbat G"]
[Result "1/2-1/2"]
[WhiteElo "2385"]
[BlackElo "2545"]

1.e4 c5 2.Nf3 Nc6 3.Nc3 e5 4.Bc4 Be7 5.d3 Nf6 6.O-O O-O 7.Nd5 Nxd5 8.Bxd5 d6
9.c3 Kh8 10.Be3 f5 11.exf5 Bxf5 12.Qd2 Qe8 13.b4 cxb4 14.cxb4 Qg6 15.b5 Nd8
16.Rfd1 Be6 17.Be4 Qe8 18.Ng5 Bxg5 19.Bxg5 d5 20.Bf3 Qxb5 21.Rab1 Qa6 22.Bxd8 Raxd8
23.Qg5 Rde8 24.Qxe5 Bg4 25.Qxd5 Bxf3 26.gxf3 Qg6+ 27.Kh1 b6 28.Rb4 Re2 29.Rg4 Qf6
30.Rdg1 g6 31.Kg2 Re5 32.Qb7 Re7 33.Qd5 Re5 34.Qb7 Ra5 35.Rc1 h5 36.Rg3 Rf7
37.Qe4 h4 38.Qxg6 Qxg6 39.Rxg6 Rxa2 40.Rc4 h3+ 41.Kg3 Rd2 42.Rh4+ Rh7 43.Rhg4 Rf7
44.Rh6+ Rh7 45.Rd6 Rf7 46.f4 b5 47.f5 Kh7 48.f6 a5 49.Rg5 a4 50.Rxb5 a3 51.Ra5 a2
52.Kxh3 Rxf2 53.Kg3 Rd2 54.h4 Kg6 55.h5+ Kh6 56.Kf4 Rh2 57.Rda6 Rh4+ 58.Ke3 Rh3+
59.Ke4 Rh4+ 60.Ke3 Rh3+ 61.Ke4 Rh4+ 62.Ke5 Rxh5+ 63.Ke6 Kg6  1/2-1/2

[Event "RLPF-chB"]
[Site "Polch"]
[Date "1990.??.??"]
[Round "?"]
[White "Puth, Dieter"]
[Black "Schreiner, Thomas"]
[Result "1-0"]
[WhiteElo "2020"]
[BlackElo "1830"]

1.e4 c5 2.Nc3 Nc6 3.Nf3 d6 4.d4 cxd4 5.Nxd4 Nf6 6.Bg5 Qb6 7.Nb3 a6 8.a4 Be6
9.a5 Qb4 10.Ra4 Qxa4 11.Nxa4 Nxe4 12.Be3 g6 13.Nd4 Bd5 14.Nb6  1-0

[Event "Bohemians-B"]
[Site "Prague"]
[Date "1990.??.??"]
[Round "?"]
[White "Zvara, Petr"]
[Black "Szymczak, Zbigniew"]
[Result "0-1"]
[WhiteElo "2200"]
[BlackElo "2345"]

1.e4 c5 2.Ne2 Nc6 3.Nbc3 d6 4.g3 g6 5.Bg2 Bg7 6.O-O e6 7.d3 Nge7 8.Be3 O-O
9.d4 b6 10.Qd2 Ba6 11.Rfe1 Qc7 12.Rad1 Rad8 13.Bh6 Bxh6 14.Qxh6 Bxe2 15.Nxe2 Nxd4
16.Nxd4 cxd4 17.g4 Qxc2 18.Rd2 Qc5 19.f4 f6 20.Rd3 Rf7 21.Rh3 d3+ 22.Kh1 Qc2
23.Bf3 Qxb2 24.f5 Qe5 25.Bd1 Rg7 26.Bb3 gxf5 27.gxf5 Nxf5 28.Qd2 Nd4 29.Bd1 Qg5  0-1

[Event "Prague Mladi op"]
[Site "Prague"]
[Date "1990.??.??"]
[Round "4"]
[White "Zhelnin, Vladimir V"]
[Black "Vaulin, Alexander"]
[Result "1-0"]
[WhiteElo "2335"]
[BlackElo "2390"]

1.e4 c5 2.Nc3 Nc6 3.Nge2 d6 4.d4 cxd4 5.Nxd4 e6 6.Be2 Nf6 7.O-O Be7 8.Kh1 O-O
9.f4 Qc7 10.Be3 a6 11.a4 Re8 12.Bd3 Nxd4 13.Bxd4 e5 14.Bg1 exf4 15.Rxf4 d5
16.Qf3 Be6 17.Rf1 dxe4 18.Nxe4 Nxe4 19.Rxe4 Qc6 20.Bd4 Rad8 21.Qg3 Bf8 22.Rh4 f5
23.Qg5 h6 24.Rxh6 Rxd4 25.Bxf5 Qc5 26.Bxe6+  1-0

[Event "Prague Mladi op"]
[Site "Prague"]
[Date "1990.??.??"]
[Round "4"]
[White "Ganbaatar, Ishdagva"]
[Black "Ulibin, Mikhail"]
[Result "0-1"]
[WhiteElo "2255"]
[BlackElo "2500"]

1.Nf3 c5 2.e4 Nc6 3.Nc3 d6 4.d4 cxd4 5.Nxd4 Nf6 6.Bc4 Qb6 7.Nxc6 bxc6 8.O-O g6
9.Bb3 Bg7 10.Be3 Qc7 11.Bf4 e5 12.Be3 O-O 13.h3 Be6 14.Re1 Rad8 15.Qf3 Nd7
16.Bg5 Rde8 17.Na4 Kh8 18.c4 f5 19.Bd2 fxe4 20.Qxe4 Nf6 21.Qc2 Bc8 22.Rad1 Nh5
23.Nc3 Bf5 24.Ne4 Nf4 25.Bc1 Ne6 26.Qc3 Nd4 27.Bc2 Qb8 28.Ba4 Rc8 29.c5 Bxe4
30.Rxe4 d5 31.Ree1 Qc7 32.b4 Rf7 33.Qg3 Nf5 34.Qg4 e4 35.Re2 a5 36.bxa5 Qxa5
37.Bb3 Rff8 38.Bb2 Bxb2 39.Rxb2 Qxc5 40.Rc2 Qd6 41.Re2 Qe5 42.Qg5 Qg7 43.Rc2 Nd4
44.Rcd2 Nb5 45.Rc1 Nc3 46.Bd1 d4 47.Bg4 e3 48.fxe3 Ne4 49.Qa5 Rcd8 50.Qb4 c5
51.Rxc5 Rb8 52.Qxd4 Qxd4  0-1

[Event "CRO-Cup"]
[Site "Pula"]
[Date "1990.??.??"]
[Round "?"]
[White "Todorovic, Goran M"]
[Black "Cigan, Stefan"]
[Result "1-0"]
[WhiteElo "2415"]
[BlackElo "2400"]

1.e4 c5 2.Nf3 Nc6 3.Nc3 Nf6 4.d4 cxd4 5.Nxd4 e5 6.Ndb5 d6 7.Nd5 Nxd5 8.exd5 Ne7
9.c4 Nf5 10.Bd3 Be7 11.O-O O-O 12.Kh1 a6 13.Nc3 Nh4 14.f4 f5 15.g3 Ng6 16.Be3 Bd7
17.a4 a5 18.Qd2 Rf7 19.Nb5 e4 20.Be2 Nf8 21.Nd4 g6 22.b4 axb4 23.Qxb4 Qa5
24.Rfb1 Qxb4 25.Rxb4 Bd8 26.Rxb7 Rxa4 27.Rxa4 Bxa4 28.Rb8 Be7 29.Ne6 h6 30.Bd4 Bd7
31.Nd8 Bxd8 32.Rxd8 Re7 33.Bf6 Rf7 34.Bc3 h5 35.Bb4 Rf6 36.c5 dxc5 37.Bxc5 Ba4
38.Bc4 Kg7 39.Bd4 Nd7 40.Ra8  1-0

[Event "Pula tt2"]
[Site "Pula"]
[Date "1990.??.??"]
[Round "2"]
[White "Markovic, Miroljub"]
[Black "Kapetanovic, Armin"]
[Result "0-1"]
[WhiteElo "2280"]
[BlackElo "2390"]

1.e4 c5 2.Nf3 Nc6 3.Nc3 d6 4.d4 cxd4 5.Nxd4 Nf6 6.Bc4 e6 7.Be3 a6 8.Bb3 Qc7
9.f4 Na5 10.Qf3 b5 11.f5 e5 12.Nde2 Bb7 13.O-O-O Rc8 14.Kb1 Nxb3 15.axb3 b4
16.Nd5 Qxc2+ 17.Ka2 Qxe4 18.Qxe4 Nxe4 19.Nxb4 Be7 20.Nd5 Bxd5 21.Rxd5 g6
22.Ng3 Nxg3 23.hxg3 gxf5 24.Rh5 Kd7 25.Ra5 Ke6 26.Rxa6 Ra8 27.Ra4 Rag8 28.Bf2 Rg4
29.Rh6+ f6 30.Rh1 h5 31.Ra6 Re4  0-1

[Event "Pula tt2"]
[Site "Pula"]
[Date "1990.??.??"]
[Round "7"]
[White "Gavric, Miladin"]
[Black "Deze, Anton"]
[Result "1/2-1/2"]
[WhiteElo "2355"]
[BlackElo "2360"]

1.e4 c5 2.Nf3 Nc6 3.Nc3 d6 4.d4 cxd4 5.Nxd4 Nf6 6.Bg5 e6 7.Qd2 Be7 8.O-O-O O-O
9.Nb3 Qb6 10.f3 Rd8 11.Kb1 a6 12.Be2 Qc7 13.f4 b5 14.Bf3 Rb8 15.g4 a5 16.Bxf6 Bxf6
17.g5 Be7 18.Nd4 Nxd4 19.Qxd4 b4 20.Ne2 Ba6 21.Qd2 a4 22.Nc1 Rdc8 23.h4 Qb6
24.Be2 Bc4 25.b3 Bxe2 26.Nxe2 Rc5 27.Qd3 Rbc8 28.Rc1 d5 29.h5 axb3 30.cxb3 Rxc1+
31.Rxc1 Rxc1+ 32.Nxc1 Qf2 33.exd5 Qxf4 34.dxe6 Bxg5 35.exf7+ Qxf7 36.Ne2 Be7
37.Qe4 g6 38.hxg6 hxg6 39.Kc2 Kh7 40.Kd3 Bg5 41.Qh1+ Bh6 42.Nd4 Qe7  1/2-1/2

[Event "Sankt Augustin"]
[Site "Sankt Augustin"]
[Date "1990.??.??"]
[Round "9"]
[White "Tischbierek, Raj"]
[Black "Zlatilov, Ivailo"]
[Result "1-0"]
[WhiteElo "2440"]
[BlackElo "2350"]

1.e4 c5 2.Nc3 Nc6 3.Nge2 e5 4.Nd5 Nge7 5.Nec3 Nxd5 6.Nxd5 d6 7.Bc4 Be6 8.O-O Be7
9.d3 O-O 10.f4 exf4 11.Bxf4 Ne5 12.Bb3 Ng6 13.Be3 Bg5 14.Bxg5 Qxg5 15.Nc7 Bg4
16.Rxf7 Rxf7 17.Bxf7+ Kxf7 18.Qf1+ Nf4 19.Nd5 Kg8 20.Qxf4 Qxf4 21.Nxf4 Re8
22.Nd5 b5 23.Kf2 Be6 24.Nc7 Rf8+ 25.Ke3 Bd7 26.Nd5 g5 27.a3 Be6 28.Nc7 Bd7
29.Rh1 Kg7 30.h4 gxh4 31.Nd5 Kg6 32.Rxh4 Rf1 33.Rf4 Re1+ 34.Kf2 Rc1 35.Rf6+ Kg5
36.Rxd6 Rxc2+ 37.Kg3 Be8 38.Nc7 Bf7 39.e5 c4 40.e6 Bg6 41.e7  1-0

[Event "Wch U20"]
[Site "Santiago"]
[Date "1990.??.??"]
[Round "2"]
[White "Sorensen, Jan"]
[Black "Lutz, Christopher"]
[Result "1-0"]
[WhiteElo "2360"]
[BlackElo "2420"]

1.e4 c5 2.Nf3 Nc6 3.Nc3 g6 4.d4 cxd4 5.Nxd4 Bg7 6.Nb3 Nf6 7.Be2 O-O 8.O-O d6
9.Kh1 Be6 10.f4 Qc8 11.Be3 Rd8 12.Bg1 Rb8 13.a4 b6 14.Nd4 Nxd4 15.Bxd4 Bc4
16.Bxc4 Qxc4 17.b3 Qb4 18.Na2 Qa5 19.Qe2 Nh5 20.Bxg7 Nxg7 21.c4 e6 22.Rad1 Rbc8
23.Rd3 Qc5 24.Nc3 a6 25.Qd2 Qb4 26.f5 Qc5 27.Qh6 Qe5 28.Rh3 gxf5 29.Qxh7+ Kf8
30.Rg3 Ne8 31.exf5 Nf6 32.fxe6 Qxe6 33.Qh6+  1-0

[Event "Wch U20"]
[Site "Santiago"]
[Date "1990.??.??"]
[Round "8"]
[White "Gdanski, Jacek"]
[Black "Grigore, George"]
[Result "1/2-1/2"]
[WhiteElo "2430"]
[BlackElo "2360"]

1.e4 c5 2.Nf3 Nc6 3.Nc3 g6 4.d4 cxd4 5.Nxd4 Bg7 6.Be3 Nf6 7.Nxc6 bxc6 8.e5 Nd5
9.Nxd5 cxd5 10.Qxd5 Rb8 11.Bc4 O-O 12.O-O Qc7 13.Qc5 Qxe5 14.Qxe5 Bxe5 15.Bxa7 Ra8
16.Bb6 Ba6 17.Bxa6 Rxa6 18.Be3 Bxb2 19.Rad1 d6 20.c4 Rc8 21.Rd2 Ba3 22.Rc2 Rac6
23.c5 Bxc5 24.Rfc1 Kf8 25.Kf1 Ke8 26.Ke2 Kd7 27.Bxc5 Rxc5 28.Rxc5 Rxc5 29.Ra1 Rc2+
30.Ke3 Kc6 31.a4 e5 32.a5 Rc3+ 33.Kd2 Rb3 34.a6 Rb8 35.a7 Ra8 36.Ra6+ Kc5
37.Kd3 f5 38.h4 d5 39.Ra5+ Kc6 40.g3 Kd6 41.Ra6+ Kc5 42.Ra5+ Kc6 43.Ke3 e4
44.Kd4 Kb6 45.Rxd5 Rxa7 46.Ke3 Kc6 47.Rd8 Kc7 48.Rd2 Ra3+ 49.Ke2 Rc3 50.Ra2 Kd7
51.Ra7+ Rc7 52.Ra6 Ke7 53.h5 g5 54.Rh6 Kf8 55.Rf6+ Rf7 56.Re6 Kg8 57.h6 Rf8
58.g4 fxg4 59.Re5  1/2-1/2

[Event "Wch U20"]
[Site "Santiago"]
[Date "1990.??.??"]
[Round "12"]
[White "Gdanski, Jacek"]
[Black "Alterman, Boris"]
[Result "1/2-1/2"]
[WhiteElo "2430"]
[BlackElo "2400"]

1.e4 c5 2.Nc3 Nc6 3.Nf3 g6 4.Bb5 Bg7 5.O-O d6 6.Bxc6+ bxc6 7.e5 Bg4 8.exd6 exd6
9.h3 Bxf3 10.Qxf3 Ne7 11.d3 O-O 12.Bg5 f6 13.Bf4 g5 14.Bd2 Qd7 15.Rae1 Rae8
16.Qg4 Qxg4 17.hxg4 Nc8 18.Ne4 Re6 19.Ng3 Rfe8 20.f3 Rxe1 21.Rxe1 Rxe1+ 22.Bxe1 Kf7
23.Nf5 Bf8 24.Bg3 Ke6 25.Kf2 h5 26.Ke2 Nb6 27.b3 Nd5 28.Kd2 hxg4 29.fxg4 Nb4
30.a3 Nd5 31.c4 Nb6 32.b4 d5 33.Kc3 a6 34.Kb3 Nd7 35.Ka4 Ne5 36.Bxe5 Kxe5
37.b5 axb5+ 38.cxb5 cxb5+ 39.Kxb5 c4 40.dxc4 dxc4 41.Kxc4 Bxa3 42.Kd3 Kf4
43.Ne3 Bb2 44.Ke2 Bd4  1/2-1/2

[Event "Sevilla op"]
[Site "Sevilla"]
[Date "1990.??.??"]
[Round "?"]
[White "Reyes, Juan"]
[Black "Franco Ocampo, Zenon"]
[Result "1/2-1/2"]
[WhiteElo "2410"]
[BlackElo "2475"]

1.e4 c5 2.Nc3 Nc6 3.Nge2 d6 4.d4 cxd4 5.Nxd4 Nf6 6.Be2 e6 7.O-O Be7 8.Be3 O-O
9.f4 Bd7 10.Qe1 Nxd4 11.Bxd4 Bc6 12.Qg3 g6 13.Bf3 b5 14.a3 a5 15.Qe1 Rc8
16.Rd1 Nd7 17.Kh1 Qc7 18.Nd5 Bxd5 19.exd5 e5 20.Bc3 f5 21.Be2 Qb7 22.fxe5 Nxe5
23.Bxa5 Rxc2 24.Bc3 Bf6 25.Rd2 Rxd2 26.Qxd2 Nc4 27.Bxc4 Bxc3 28.Qxc3 bxc4
29.Qxc4 Qxb2 30.a4 Qa3 31.h3 Re8 32.Qc6 Re2 33.Qb5 Ra2 34.Qe8+ Kg7 35.Qe7+ Kg8
36.Qe8+ Kg7 37.Qe7+  1/2-1/2